Indonesian Brand Logos Quiz #2 - Statistics

General Stats
  • This quiz has been taken 299 times
    297 since last reset
  • The average score is 12 of 20
Answer Stats
Picture Answer % Correct
Tokopedia
96%
Garuda Indonesia
95%
GoPay
94%
BUMN
91%
Ruangguru
91%
tiket.com
85%
Persib Bandung
76%
Funworld
70%
NET.
67%
BMKG
63%
Rex Regum Qeon
61%
Kalbe
59%
Jasa Marga
58%
Kino Indonesia
47%
Aerostreet
44%
IDI
40%
Consina
28%
MRT Jakarta
27%
Lyto Game
13%
Bareksa
10%
No matching quizzes found
Score Distribution
Percent of People with Each Score
Percentile by Number Answered
Your Score History
You have not taken this quiz since the last reset